Zdobywcy złotej piłki - Statystyki

Ogólne statystyki
  • Ten quiz został rozwiązany 37 razy
  • Średni wynik to 38 z 60
Statystyki odpowiedzi
Sezon Narodowość Zdobywca % Poprawnych
2020 Polak Robert Lewandowski
100%
2017 Portugalczyk Cristiano Ronaldo
97%
2016 Portugalczyk Cristiano Ronaldo
97%
2014 Portugalczyk Cristiano Ronaldo
97%
2013 Portugalczyk Cristiano Ronaldo
97%
2008 Portugalczyk Cristiano Ronaldo
97%
2023 Argentyńczyk Lionel Messi
97%
2021 Argentyńczyk Lionel Messi
97%
2019 Argentyńczyk Lionel Messi
97%
2015 Argentyńczyk Lionel Messi
97%
2012 Argentyńczyk Lionel Messi
97%
2011 Argentyńczyk Lionel Messi
97%
2010 Argentyńczyk Lionel Messi
97%
2009 Argentyńczyk Lionel Messi
97%
2018 Chorwat Luka Modric
97%
2002 Brazylijczyk Ronaldo
97%
1997 Brazylijczyk Ronaldo
97%
2022 Francuz Karim Benzema
94%
2005 Brazylijczyk Ronaldinho
91%
2007 Brazylijczyk Kaka
88%
2024 Hiszpan Hernández Rodrigo
81%
2006 Włoch Fabio Cannavaro
78%
2000 Portugalczyk Luís Figo
78%
2003 Czech Pavel Nedved
78%
2001 Anglik Michael Owen
72%
1998 Francuz Zinedine Zidane
69%
1992 Holender Marco van Basten
63%
1989 Holender Marco van Basten
63%
1988 Holender Marco van Basten
63%
1985 Francuz Michel Platini
63%
1984 Francuz Michel Platini
63%
1983 Francuz Michel Platini
63%
2004 Ukrainiec Andriy Shevchenko
59%
1970 RFN Gerd Müller
59%
1999 Brazylijczyk Rivaldo
59%
1976 RFN Franz Beckenbauer
56%
1972 RFN Franz Beckenbauer
56%
1995 Liberyjczyk George Weah
56%
1965 Portugalczyk Eusébio
53%
1968 Irlandczyk Północny George Best
50%
1994 Bułgar Hristo Stoichkov
50%
1993 Włoch Hristo Stoichkov
50%
1974 Holender Johan Cruyff
47%
1973 Holender Johan Cruyff
47%
1971 Holender Johan Cruyff
47%
1987 Holender Ruud Gullit
47%
1966 Anglik Bobby Charlton
41%
1990 Niemiec Lothar Matthäus
41%
1991 Francuz Jean-Pierre Papin
38%
1996 Niemiec Matthias Sammer
31%
1982 Włoch Paolo Rossi
28%
1967 Węgier Flórián Albert
19%
1981 RFN Karl-Heinz Rummenigge
19%
1980 RFN Karl-Heinz Rummenigge
19%
1979 Anglik Kevin Keegan
19%
1978 Anglik Kevin Keegan
19%
1977 Duńczyk Allan Simonsen
13%
1969 Włoch Gianni Rivera
9%
1975 ZSSR Oleg Blokhin
9%
1986 ZSSR Igor Belanov
6%
Nie znaleziono quizów pasujących do podanych kryteriów
Rozkład punktacji
Procent ludzi z każdym wynikiem
Percentyl według liczby udzielonych odpowiedzi
Twoja historia wyników
Nie rozwiązałeś tego quizu